[Event "FRA-ch Blitz Online Qual"]
[Site "Europe Echecs INT"]
[Date "2020.05.16"]
[Round "12"]
[White "Hsu, Victor"]
[Black "Afraoui, Solenn"]
[Result "0-1"]
[WhiteElo "1476"]
[BlackElo "1889"]
[PlyCount "28"]
[EventDate "2020.05.16"]
[EventType "swiss (blitz)"]
[EventRounds "15"]
[EventCountry "FRA"]
[SourceTitle "CBM 196 Extra"]
[Source "ChessBase"]
[SourceDate "2020.07.31"]
[SourceVersion "1"]
[SourceVersionDate "2020.07.31"]
[SourceQuality "1"]

1. d4 f5 2. f4 Nf6 3. Nf3 d6 4. e3 e6 5. c4 Be7 6. Nc3 0-0 7. Bd3 b6 8. Qc2 Bb7 9. Bd2 a5 10. 0-0-0 Nc6 11. h3 Nb4 12. Qb1 Nxd3+ 13. Qxd3 Ne4 14. d5 Nf2 0-1

[Event "FRA-ch Blitz Online Qual"]
[Site "Europe Echecs INT"]
[Date "2020.05.16"]
[Round "2"]
[White "Hsu, Victor"]
[Black "Remtoula, Jamal"]
[Result "1-0"]
[WhiteElo "1476"]
[BlackElo "1070"]
[PlyCount "25"]
[EventDate "2020.05.16"]
[EventType "swiss (blitz)"]
[EventRounds "15"]
[EventCountry "FRA"]
[SourceTitle "CBM 196 Extra"]
[Source "ChessBase"]
[SourceDate "2020.07.31"]
[SourceVersion "1"]
[SourceVersionDate "2020.07.31"]
[SourceQuality "1"]

1. d4 d5 2. Nf3 Nf6 3. Bf4 e6 4. e3 Nc6 5. c4 Ne4 6. a3 Na5 7. Nbd2 Nxd2 8. Qxd2 b6 9. Rc1 f6 10. cxd5 e5 11. dxe5 fxe5 12. Nxe5 Be6 13. Bb5+ 1-0

[Event "FRA-ch Blitz Online Qual"]
[Site "Europe Echecs INT"]
[Date "2020.05.16"]
[Round "1"]
[White "Sahetchian, Armand"]
[Black "Hsu, Victor"]
[Result "1-0"]
[WhiteElo "2117"]
[BlackElo "1476"]
[PlyCount "27"]
[EventDate "2020.05.16"]
[EventType "swiss (blitz)"]
[EventRounds "15"]
[EventCountry "FRA"]
[SourceTitle "CBM 196 Extra"]
[Source "ChessBase"]
[SourceDate "2020.07.31"]
[SourceVersion "1"]
[SourceVersionDate "2020.07.31"]
[SourceQuality "1"]

1. d4 Nf6 2. c4 d5 3. cxd5 Nxd5 4. e4 Nf6 5. Nc3 e6 6. Nf3 c5 7. Bb5+ Bd7 8. 0-0 Bxb5 9. Nxb5 Nc6 10. d5 exd5 11. exd5 Nxd5 12. Qxd5 Qxd5 13. Nc7+ Kd8 14. Nxd5 1-0